00957cam a2200277 a 4500999001900000001000900019005001700028008004100045020004300086020004000129040001300169082002200182100002400204245011500228260006100343300003400404650002200438650002500460650001400485650001400499650001400513650002600527700002200553942000700575952009700582 c111802d1118021534490720190403102058.0080626s2009 enka b 001 0 eng  a9781405161794 (hardcover : alk. paper) a1405161795 (hardcover : alk. paper) cPK-LaUMT00a378.12222bGUR-O1 aGurung, Regan A. R.10aOptimizing teaching and learning :bpracticing pedagogical research /cRegan A. R. Gurung and Beth M. Schwartz aChichester, U.K. ;aMalden, MA :bWiley-Blackwell,c2009 axiv, 232 p. :bill. ;c24 cm. 0aCollege teaching. 0aReflective teaching. 0aLearning. 2aTeaching. 2aLearning. 2aEducationxstandards.1 aSchwartz, Beth M. cBK 00104070a01b01d2019-04-03l0o378.12 GUR-Op128403r2019-04-03 00:00:00w2019-04-03yBK